000 009470000a22002530004500
001 45842
010 _a978-972-21-2091-3
100 _a20120123d2010 k y0pory5003 ba
101 0 _apor
102 _aPT
200 1 _aCordilheira
_eromance
_fDaniel Galera
210 _aAlfragide
_cCaminho
_d2010
215 _a175 p.
225 2 _aOutras margens
_v88
327 0 _aPNL
330 _aDaniel Galera, promissor escritor brasileiro, recebeu o Prémio Machado de Assis com o romance Cordilheira. Este centra-se na determinação de uma jovem escritora brasileira em ser mãe, apesar do seu sucesso literário. Todavia, nem sempre os nossos projetos se concretizam como desejamos.Livro recomendado. PNL2027 - Antes 2017 - Literatura - dos 15-18 anos - Fluente
606 _aLiteratura brasileira
606 _aRomance
606 _aPNL
675 _a83
_zpor
700 1 _aGalera
_bDaniel
_f1979-
090 _a45842
942 _cMON
_n0
999 _a45842